Il matrimonio di Maria /

-д хадгалсан:
Номзүйн дэлгэрэнгүй
Үндсэн зохиолч: Campo, Rossana (Зохиогч)
Формат: Ном
Хэл сонгох:итали
Хэвлэсэн: Milano : Feltrinelli, 1998
Цуврал:Universale economica ; 1513
Шошгууд: Шошго нэмэх
Шошго байхгүй, Энэхүү баримтыг шошголох эхний хүн болох!

MARC

LEADER 00000nam a22000007i 4500
001 IT\ICCU\VIA\0071213
003 ItRI
005 20251208115054.0
008 981124s1998 it |||||| ||||| |||||c
015 |2 IT  |a 99-2286 
020 |a 8807815133 
040 |b ita  |c Comunitas Ancona 
041 7 |a ita  |2 ISO-639-2 
082 |a 852.914  |2 20 
100 1 |a Campo, Rossana  |0 IT\ICCU\RAVV\074462  |4 aut 
240 1 3 |a Il matrimonio di Maria  |9 Campo, Rossana 
245 1 3 |a Il matrimonio di Maria /  |c Rossana Campo. 
260 |a Milano :  |b Feltrinelli,  |c 1998 
300 |a 90 p. ;  |c 20 cm. 
830 0 |a Universale economica ;  |v 1513  |0 IT\ICCU\CFI\0001103 
942 |2 ddc  |c BK 
952 |0 0  |1 0  |2 ddc  |4 0  |6 852_914000000000000_CAM_MAT  |7 0  |9 10030  |a AN  |b AN  |d 2025-12-08  |l 0  |o 852.914 CAM MAT  |p 11592  |r 2025-12-08 11:52:37  |w 2025-12-08  |y BK 
981 1 |6 z01  |a i   |b xxxe  
982 1 |6 z01  |a n 
999 |c 8364  |d 8364